La terapia affermativa dell'omosessualita /

Gardado en:
Detalles Bibliográficos
Autor Principal: Strocchi, Maria Cristina
Outros autores: Valerii, Berardina
Formato: Libro
Idioma:Lingua italiana
Publicado: Salerno : Ecomind, 2013
Tags: Engadir etiqueta
Sen Etiquetas, Sexa o primeiro en etiquetar este rexistro!

MARC

LEADER 00000nam a22000007i 4500
001 IT\ICCU\VIA\0254034
003 ItRI
005 20260115232149.0
008 130626s2013 it |||||| ||||| |||||c
020 |a 9788887795745 
040 |b ita  |c importazione bologna sebina 
041 7 |a ita  |2 ISO-639-2 
100 1 |a Strocchi, Maria Cristina  |0 IT\ICCU\VIAV\103715 
240 1 3 |a La terapia affermativa dell'omosessualità  |3 IT\ICCU\UBO\4749239  |9 Strocchi, Maria Cristina 
245 1 3 |a La terapia affermativa dell'omosessualita /  |c Maria Cristina Strocchi, Berardina Valerii. 
260 |a Salerno :  |b Ecomind,  |c 2013 
300 |a 174 p. ;  |c 21 cm. 
700 1 |a Valerii, Berardina  |0 IT\ICCU\VIAV\139065 
942 |2 ddc  |c BK  |n 0 
952 |0 0  |1 0  |4 0  |6 DOC_155_330000000000000_STR  |7 0  |9 21252  |a BO  |b BO  |d 2026-01-15  |i 20043  |l 0  |o DOC 155.33 STR  |p BO20043  |r 2026-01-15 23:21:49  |w 2026-01-15  |x [Sebina 5] [1 v.]  |y BK  |z 1 v. 
999 |c 18156  |d 18156